000 02767cam a2200697 i 4500
001 5986
003 FISKH
005 20250218113525.0
008 201218t20181993mau j 000 1 eng d
010 _a 2020430967
020 _a9781328471222
_q(hardcover)
020 _a9780544336261
_q$15.00
020 _a1328471225
_q(hardcover)
020 _a9780544336261
_q(paperback)
020 _a0544336267
_q(paperback)
040 _aIMmBT
_beng
_cFBR
_erda
082 _aPZ7.L9673 G
084 _a813.54
100 1 _aLowry, Lois,
_eauthor.
245 1 4 _aThe giver /
_cby Lois Lowry.
260 _aBoston :
_bClarion Books,
_c1993.
300 _a223 pages :
_c21 cm
336 _atext
_btxt
_2rdacontent
337 _aunmediated
_bn
_2rdamedia
338 _avolume
_bnc
_2rdacarrier
490 0 _aGiver quartet
500 _a"Originally published in hardcover in the United States by Houghton Mifflin Books for Children, an imprint of Houghton Mifflin Harcourt Publishing Company, 1993"--Title page verso.
500 _aIncludes the author's Newbery acceptance speech, and an afterword called "Ever After."
520 _aGiven his lifetime assignment at the Ceremony of Twelve, Jonas becomes the receiver of memories shared by only one other in his community and discovers the terrible truth about the society in which he lives.
650 0 _aIndividuality
_vJuvenile fiction.
650 0 _aLiberty
_vJuvenile fiction.
650 0 _aSocial control
_vJuvenile fiction.
650 0 _aSocial prediction
_vJuvenile fiction.
650 0 _aMemory
_vJuvenile fiction.
650 0 _aDystopias
_vJuvenile fiction.
650 1 _aScience fiction.
650 7 _aIndividuality
_vFiction.
_2cct
650 7 _aLiberty
_vFiction.
_2cct
650 7 _aSocial control
_vFiction.
_2cct
650 7 _aSocial prediction
_vFiction.
_2cct
650 7 _aMemory
_vFiction.
_2cct
650 7 _aDystopias
_vFiction.
_2cct
650 7 _aDystopias.
_2fast
_0(OCoLC)fst00900372
650 7 _aIndividuality.
_2fast
_0(OCoLC)fst00970343
650 7 _aLiberty.
_2fast
_0(OCoLC)fst00997251
650 7 _aMemory.
_2fast
_0(OCoLC)fst01015913
650 7 _aSocial control.
_2fast
_0(OCoLC)fst01122415
650 7 _aSocial prediction.
_2fast
_0(OCoLC)fst01122769
650 7 _aIndividuality
_vFiction.
_2sears
655 0 _aYoung adult fiction.
655 7 _aYoung adult works.
_2fast
_0(OCoLC)fst01726790
655 7 _aFiction.
_2fast
_0(OCoLC)fst01423787
655 7 _aJuvenile works.
_2fast
_0(OCoLC)fst01411637
655 7 _aScience fiction.
_2fast
_0(OCoLC)fst01726489
655 7 _aDystopias.
_2gsafd
655 7 _aScience fiction.
_2lcgft
655 7 _aScience fiction.
_2sears
906 _a7
_bcbc
_ccopycat
_d2
_encip
_f20
_gy-gencatlg
942 _2ddc
_cBK
_n0
999 _c5986
_d5986